| 000 | 00749cgm a2200277 4500 | ||
|---|---|---|---|
| 001 | J2762 | ||
| 008 | 090401t1994 xxu||||| |||| 00| 0 eng d | ||
| 035 | _a(Sirsi) u51082 | ||
| 041 | _aeng | ||
| 050 | _a346.4104346 | ||
| 100 | _aWalker, Jane | ||
| 245 | _aLease renewals - 3rd Edition (sound recording). | ||
| 260 |
_aLondon _bRICS _c1994 |
||
| 300 | _a1 sound cassette (60 min.) | ||
| 350 | _a13 | ||
| 490 | _aOwlion Audio Programme | ||
| 650 | _aAUDIO CASSETTES | ||
| 650 | _aLEASE RENEWAL | ||
| 650 | _aLEASES | ||
| 690 |
_aLandlord and tenant _96252 |
||
| 700 | _aGillett, Alan | ||
| 710 |
_aRoyal Institution of Chartered Surveyors _94900 |
||
| 710 |
_aCollege of Estate Management _9400 |
||
| 942 | _n0 | ||
| 948 | _c04/03/1997 | ||
| 999 |
_c85256 _d85256 |
||